| 000 | 00602nam a22001937a 4500 | ||
|---|---|---|---|
| 005 | 20251108171024.0 | ||
| 008 | 250721s1996 xx 000 0 ara d | ||
| 082 | 1 | 4 | _a372.21/محم |
| 100 | 1 | _aعدس، محمد عبد الرحيم | |
| 245 | 1 | 0 | _aالمدرسة وتعليم التفكير / |
| 264 | 1 |
_aعمان : _bدار الفكر للطباعة والنشر والتوزيع، _c1996. |
|
| 300 | _a253ص | ||
| 650 | 1 | 7 | _aالطفل |
| 650 | 1 | 7 | _aدراسة |
| 650 | 1 | 7 | _aالفكر والتفكير |
| 650 | 1 | 7 | _aالمدارس الأبتدائية |
| 942 |
_2ddc _cBK |
||
| 999 |
_c54616 _d54616 |
||